K problematike skúmania účinkov masových médií
Analýza účinkov masových médií.
Gespeichert in:
| 1. Verfasser: | |
|---|---|
| Format: | Buchkapitel |
| Sprache: | Slowakisch |
| Schlagworte: | |
| Tags: |
Keine Tags, Fügen Sie das erste Tag hinzu!
|
MARC
| LEADER | 00000naa a2200000 4500 | ||
|---|---|---|---|
| 001 | 0199834 | ||
| 005 | 20220408094942.8 | ||
| 041 | 0 | |a slo | |
| 044 | |a SK | ||
| 245 | 1 | 0 | |a K problematike skúmania účinkov masových médií |c Samuel Brečka |
| 520 | |a Analýza účinkov masových médií. | ||
| 610 | 2 | 0 | |a komunikácia masmediálna |
| 610 | 2 | 0 | |a siete sociálne |
| 610 | 2 | 0 | |a médiá |
| 610 | 2 | 0 | |a technológie informačné |
| 610 | 2 | 0 | |a technológie komunikačné |
| 100 | 1 | |a Brečka, Samuel | |